| 000 | 01090nam0a2200313 4500 | ||
|---|---|---|---|
| 001 | RU\NLR\BIBL_A\011574170 | ||
| 005 | 20240726220743.0 | ||
| 010 |
_a9785171054793 _97000 |
||
| 021 |
_aRU _b2017-93797 _96728 |
||
| 035 | _a(RuMoRGB)009477736 | ||
| 035 | _a(NLR Aleph) 011574170 | ||
| 090 |
_a10813243 _c10813243 |
||
| 100 | _a20171225d2017 a y0rusy50 ca | ||
| 101 | 1 |
_arus _ceng |
|
| 102 | _aRU | ||
| 105 | _a||||zzzz0|1ay | ||
| 200 | 1 |
_aКукушата Мидвича _e[фантастический роман] _fДжон Уиндем _g[перевод с английского В. Ковалевского и Н. Штуцер] |
|
| 210 |
_aМосква _cАСТ _d2017 |
||
| 215 |
_a286, [1] с. _d18 |
||
| 225 | 1 | _aЭксклюзивная классика | |
| 320 | _aДр. произведения авт. на 4-й с. обл. | ||
| 333 | _a16+ | ||
| 686 |
_aШ5(4Вл)62-644.5 _2rubbk |
||
| 686 | 1 | _aШ6(4Вл)67-445{Лх1299-62} | |
| 700 | 1 |
_aУиндэм _bД. _f1903–1969 _gДжон |
|
| 942 | _cBOOK | ||
| 980 | _aNBR | ||